Statistics for Preston Sturges Films

Click here to take the quiz!

General Stats

  • This quiz has been taken 23 times
  • The average score is 6 of 12

Answer Stats

Year Film % Correct
1941Sullivan's Travels
89%
1941The Lady Eve
79%
1942The Palm Beach Story
68%
1944Hail the Conquering Hero
68%
1940The Great McGinty
58%
1940Christmas in July
53%
1948Unfaithfully Yours
53%
1944The Miracle of Morgan's Creek
42%
1944The Great Moment
26%
1949The Beautiful Blonde from Bashful Bend
26%
1947The Sin of Harold Diddlebock
21%
1955The French, They Are a Funny Race
21%

Score Distribution

Percentile by Number Answered

Percent of People with Each Score

Your Score History

You have not taken this quiz